Numerical chemistry with 14 test paper (Record no. 3073)

MARC details
000 -LEADER
fixed length control field 00679 a2200193 4500
020 ## - INTERNATIONAL STANDARD BOOK NUMBER
Terms of availability 278.80
035 ## - SYSTEM CONTROL NUMBER
System control number B-118641
037 ## - SOURCE OF ACQUISITION
Source of stock number/acquisition RP-OS-29 / PANSY-05-06:11 / RP-05-06:ENG
082 14 - DEWEY DECIMAL CLASSIFICATION NUMBER
Classification number 540
090 ## - LOCALLY ASSIGNED LC-TYPE CALL NUMBER (OCLC); LOCAL CALL NUMBER (OCLC)
-- 3134
-- 3134
100 1# - MAIN ENTRY--PERSONAL NAME
Personal name Bahadur, Prakash
245 1# - TITLE STATEMENT
Title Numerical chemistry with 14 test paper
Remainder of title a master book for IIT and all other engineering entrance examinatons
Statement of responsibility, etc by Prakash Bahadur;edited by Shalabh Saxena
250 ## - EDITION STATEMENT
Edition statement 13th ed.
260 ## - PUBLICATION, DISTRIBUTION, ETC. (IMPRINT)
Place of publication, distribution, etc Meerut
Name of publisher, distributor, etc G.R. Bathla
Date of publication, distribution, etc 2005
300 ## - PHYSICAL DESCRIPTION
Extent 1412 p
Dimensions 22 cm (pbk)
700 ## - ADDED ENTRY--PERSONAL NAME
Personal name Saxena, Shalabh
942 ## - ADDED ENTRY ELEMENTS (KOHA)
Institution code [OBSOLETE] dpl
Koha item type English Books
Call number prefix 540 / BAH
Holdings
Withdrawn status Lost status Source of classification or shelving scheme Damaged status Not for loan Collection code Home library Current library Cost, normal purchase price Total Checkouts Full call number Barcode Date last seen Copy number Uniform Resource Identifier Cost, replacement price Price effective from Koha item type
    Dewey Decimal Classification     Non-fiction Karol Bagh Karol Bagh 278.80   540 BAH B-118641 15/09/2008 1 3267 278.80 15/09/2008 English Books

© Delhi Public Library
Hit Counter
free hit counter